The electrical engineering : Handbook

Guardado en:
Detalles Bibliográficos
Formato: Libro
Lenguaje:inglés
Publicado: Bocca Raton : CRC Press, 1997
Edición:2.ed.
Materias:
Etiquetas: Agregar Etiqueta
Sin Etiquetas, Sea el primero en etiquetar este registro!

MARC

LEADER 00000nam a22000003a 4500
001 stu10441
005 20141122093648.8
008 980113s1997----xxu-----------------eng-d
020 |a 0-8493-8574-1 
040 |a STU  |b slo 
041 0 |a eng 
044 |a xxu 
080 |a 621.3(035) 
245 |a The electrical engineering :  |b Handbook 
250 |a 2.ed. 
260 |a Bocca Raton :  |b CRC Press,  |c 1997 
300 |a 2719 s 
650 7 |a elektronika  |2 stusub 
650 7 |a elektrotechnika  |2 stusub 
996 |b 284EK08666  |c E*81686  |l EE01  |s A  |a 24  |w stu10441_0001